Civil Procedure (Record no. 39551)

MARC details
000 -LEADER
fixed length control field 00395nam a2200181Ia 4500
020 ## - INTERNATIONAL STANDARD BOOK NUMBER
ISBN 9789350289983
050 ## - CALL MARK
Classification number KN 350 .T3/
100 ## - STATEMENT OF RESPONSIBILITY--MAIN AUTHOR NAME
Personal name Takwani,C.K.
245 #0 - TITLE STATEMENT
Title Civil Procedure
260 ## - PUBLICATION, DISTRIBUTION, ETC. (IMPRINT)
Place of publication India
260 ## - PUBLICATION, DISTRIBUTION, ETC. (IMPRINT)
Name of publisher Eastern publish.
260 ## - PUBLICATION, DISTRIBUTION, ETC. (IMPRINT)
Year of publication 2014
300 ## - PHYSICAL DESCRIPTION
Number of Pages 837 p
650 ## - SUBJECT ADDED ENTRY--TOPICAL TERM
Topical Term India
942 ## - ADDED ENTRY ELEMENTS (KOHA)
Koha item type Books
Holdings
Withdrawn status Lost status Source of classification or shelving scheme Damaged status Not for loan Permanent Location Current Location Shelving location Date acquired Accession Number Price effective from Koha item type
    Library of Congress Classification     Law Library Law Library Items on shelf 06/03/2025 0191033 06/03/2025 Books
    Library of Congress Classification     Law Library Law Library Items on shelf 06/03/2025 0191504 06/03/2025 Books